00000000nam 2200000zi 4500
0019.947217
003CaOODSP
00520250121151340
006m     o  d f      
007cr mn|||||||||
008250121t19961996bcc     ob   f001 0 eng d
020 |a077480565X |q(print)
040 |aCaOODSP|beng|erda|cCaOODSP
0410 |aeng|afre
043 |an-cn---
0861 |aSN3-302/1996-PDF|zSN3-302/1996|zSN3-302-1996
1001 |aBond, Mary E., |ecompiler, |eeditor.
24510|aCanadian reference sources : |ban annotated bibliography : general reference works, history, humanities / Mary E. Bond, compiler and editor ; Martine M. Caron, co-compiler = Ouvrages de référence canadiens : une bibliographie annotée : ouvrages de référence généraux, histoire, sciences humaines / Mary E. Bond, rédactrice et réviseure ; Martine M. Caron, co-rédactrice.
24611|aOuvrages de référence canadiens : |bune bibliographie annotée : ouvrages de référence généraux, histoire, sciences humaines
24613|aCanadian reference sources : |ban annotated bibliography = Ouvrages de référence canadiens : une bibliographie annotée
264 1|aVancouver, BC : |bUBC Press, |c[1996]
264 4|c©1996
300 |a1 online resource (xvi, 1076 pages)
336 |atext|btxt|2rdacontent
337 |acomputer|bc|2rdamedia
338 |aonline resource|bcr|2rdacarrier
500 |a"Published by UBC Press in cooperation with the National Library of Canada and the Canada Communication Group, Publishing, Supply and Services Canada."
500 |aIncludes indexes.
500 |aSome blank pages have been omitted in this PDF copy.
500 |aDigitized edition from print [produced by Government of Canada Publications Directorate].
546 |aText in English and French.
651 0|aCanada|vBibliography.
651 0|aCanada|xReference books|vBibliography.
651 0|aCanada|vBibliography of bibliographies.
655 7|aAnnotated bibliographies|2lcgft
655 7|aBibliographies|2lcgft
7001 |aCaron, Martine M., |d1955- |ecompiler.
7102 |aNational Library of Canada, |eissuing body.
7102 |aCanada Communication Group. |bPublishing, |eissuing body.
7760#|tCanadian reference sources: an annotated bibliography : |w(CaOODSP)9.657907
788 |tCanadian reference sources : |efre|w(CaOODSP)9.947220
85640|qPDF|s122.00 MB|uhttps://publications.gc.ca/collections/collection_2025/bac-lac/SN3-302-1996.pdf